000 01006pam a2200289 a 4500
001 2108042
003 OSt
005 20160510185402.0
008 961120s1998 nyua 001 0 eng
010 _a 96037799
020 _a0521578817
040 _aDLC
_cDLC
_dDLC
050 0 0 _aQD453.2
_b.L33 1998
082 0 0 _a541
_221
_bLAD 1998
100 1 _aLadd, Mark
_98695
245 1 0 _aIntroduction to physical chemistry /
_cMark Ladd.
250 _a3rd ed.
260 _aNew York :
_bCambridge University Press,
_c1998.
300 _axix, 513 p. :
_bill. ;
_c26 cm.
500 _aIncludes index.
650 0 _aChemistry, Physical and theoretical.
_92922
856 4 2 _3Publisher description
_uhttp://www.loc.gov/catdir/description/cam028/96037799.html
856 4 1 _3Table of contents
_uhttp://www.loc.gov/catdir/toc/cam021/96037799.html
906 _a7
_bcbc
_corignew
_d1
_eocip
_f19
_gy-gencatlg
942 _2ddc
_cSLOAN
999 _c3971
_d3971